000 00754nam a2200253 i 4500
003 DO-SdBNP
005 20230517135033.0
007 ta
008 230517b2022 dr ||||| |||| 00| 0 spa d
020 _a9789945937800
040 _aDO-SdBNP
_bspa
_cBNPHU
_erda
082 4 _222
100 _aCueto, Fernando
_983409
245 1 0 _aFrente interno :
_bexpedición de Luperón de 1949 /
_cFernando Cueto
264 _aSanto Domingo :
_bMuseo Memorial de la Resistencia Dominicana,
_c2022.
300 _a87 páginas ;
_c22 cm.
336 _2rdacontent
_atexto
_btxt
337 _2rdamedia
_asin mediación
_bn
338 _2rdacarrier
_avolumen
_bnc
490 _atertulia
_v14
590 _aInventariado, 2023/BT
910 _aBtavárez
942 _2ddc
_cLBS1
999 _c53554
_d53554